[Event "World Prestigious University 2019"]
[Site "Tianjin"]
[Date "2019.11.29"]
[Round "11.14"]
[White "Dmitry, Gordievskiy"]
[Black "Hirao, Satoshi"]
[Result "1-0"]
[WhiteElo "2590"]
[BlackElo "1958"]
[PlyCount "65"]
[EventDate "2019.11.26"]
[EventType "team-tourn"]
[EventCountry "CHN"]
[TimeControl "1500+10"]
[WhiteClock "0:00:12"]
[BlackClock "0:11:48"]

1. Nf3 {[%emt 0:00:00]} Nf6 {[%emt 0:00:00]} 2. c4 {[%emt 0:00:01]} e6 {[%emt 0:00:00]} 3. g3 {[%emt 0:00:13]} d5 {[%emt 0:00:07]} 4. b3 {[%emt 0:00:29]} b6 {[%emt 0:00:04]} 5. Bg2 {[%emt 0:00:03]} Bb7 {[%emt 0:00:03]} 6. Bb2 {[%emt 0:00:14]} Be7 {[%emt 0:00:09]} 7. O-O {[%emt 0:00:47]} O-O {[%emt 0:00:07]} 8. e3 {[%emt 0:00:11]} Nbd7 {[%emt 0:00:24]} 9. Nc3 {[%emt 0:00:58]} dxc4 {[%emt 0:03:16]} 10. bxc4 {[%emt 0:00:04]} c5 {[%emt 0:02:08]} 11. Qe2 {[%emt 0:00:10]} a6 {[%emt 0:03:06]} 12. a4 {[%emt 0:01:17]} Rb8 {[%emt 0:01:51]} 13. Rad1 {[%emt 0:01:18]} Qc7 {[%emt 0:00:24]} 14. Ne1 {[%emt 0:00:14]} Bxg2 {[%emt 0:02:29]} 15. Nxg2 {[%emt 0:00:03]} Rfc8 {[%emt 0:00:29]} 16. f4 {[%emt 0:00:06]} g6 {[%emt 0:00:45]} 17. g4 {[%emt 0:00:37]} e5 {[%emt 0:00:35]} 18. g5 {[%emt 0:01:17]} Nh5 {[%emt 0:00:43]} 19. Qf3 {[%emt 0:02:47]} exf4 {[%emt 0:01:13]} 20. Nd5 {[%emt 0:00:48]} Qd6 {[%emt 0:02:18]} 21. exf4 {[%emt 0:00:41]} Re8 {[%emt 0:01:21]} 22. Qc3 {[%emt 0:01:21]} f6 {[%emt 0:00:27]} 23. Nge3 {[%emt 0:00:09]} b5 {[%emt 0:02:00]} 24. axb5 {[%emt 0:00:14]} axb5 {[%emt 0:00:12]} 25. cxb5 {[%emt 0:00:08]} Nb6 {[%emt 0:00:50]} 26. Nxe7+ {[%emt 0:01:34]} Rxe7 {[%emt 0:00:35]} 27. gxf6 {[%emt 0:00:04]} Re4 {[%emt 0:01:27]} 28. Ra1 {[%emt 0:01:32]} Nd5 {[%emt 0:01:43]} 29. Qd3 {[%emt 0:00:57]} Nhxf4 {[%emt 0:00:50]} 30. Qxe4 {[%emt 0:00:10]} Nh3+ {[%emt 0:00:11]} 31. Kh1 {[%emt 0:00:04]} Ng5 {[%emt 0:00:10]} 32. f7+ {[%emt 0:00:09]} Nxf7 {[%emt 0:00:11]} 33. Nxd5 {[%emt 0:00:02]} 1-0

[Event "World Prestigious University 2019"]
[Site "Tianjin"]
[Date "2019.11.29"]
[Round "11.15"]
[White "Balashov, Yuri S"]
[Black "Wang, Nancy"]
[Result "0-1"]
[WhiteElo "2465"]
[BlackElo "1823"]
[PlyCount "74"]
[EventDate "2019.11.26"]
[EventType "team-tourn"]
[EventCountry "CHN"]
[TimeControl "1500+10"]
[WhiteClock "0:05:51"]
[BlackClock "0:01:23"]

1. e4 {[%emt 0:00:00]} c5 {[%emt 0:00:00]} 2. Nf3 {[%emt 0:00:32]} Nc6 {[%emt 0:00:00]} 3. d4 {[%emt 0:00:40]} cxd4 {[%emt 0:00:00]} 4. Nxd4 {[%emt 0:00:11]} g6 {[%emt 0:00:00]} 5. c3 {[%emt 0:00:38]} Nf6 {[%emt 0:00:19]} 6. Bd3 {[%emt 0:00:33]} Bg7 {[%emt 0:00:09]} 7. O-O {[%emt 0:00:47]} O-O {[%emt 0:00:12]} 8. Re1 {[%emt 0:00:06]} d6 {[%emt 0:00:20]} 9. Bg5 {[%emt 0:00:31]} h6 {[%emt 0:00:29]} 10. Bxf6 {[%emt 0:01:04]} Bxf6 {[%emt 0:00:03]} 11. Bc4 {[%emt 0:00:59]} Nxd4 {[%emt 0:00:59]} 12. cxd4 {[%emt 0:00:11]} Qb6 {[%emt 0:00:03]} 13. Qd2 {[%emt 0:00:51]} Qxd4 {[%emt 0:01:42]} 14. Qxd4 {[%emt 0:01:00]} Bxd4 {[%emt 0:00:02]} 15. Nc3 {[%emt 0:00:22]} Bd7 {[%emt 0:03:32]} 16. Nd5 {[%emt 0:02:36]} e6 {[%emt 0:01:36]} 17. Ne3 {[%emt 0:02:37]} Rac8 {[%emt 0:00:26]} 18. Bd3 {[%emt 0:01:17]} b5 {[%emt 0:05:51]} 19. Rab1 {[%emt 0:00:42]} a5 {[%emt 0:02:04]} 20. b3 {[%emt 0:01:42]} f5 {[%emt 0:01:21]} 21. exf5 {[%emt 0:01:52]} gxf5 {[%emt 0:00:03]} 22. Nc2 {[%emt 0:00:19]} Bc3 {[%emt 0:01:27]} 23. Red1 {[%emt 0:00:41]} Kf7 {[%emt 0:02:04]} 24. Na3 {[%emt 0:02:16]} Rc5 {[%emt 0:00:33]} 25. Rdc1 {[%emt 0:01:15]} Rfc8 {[%emt 0:00:02]} 26. g3 {[%emt 0:01:04]} e5 {[%emt 0:00:18]} 27. Rc2 {[%emt 0:01:09]} e4 {[%emt 0:00:16]} 28. Be2 {[%emt 0:00:03]} Bb4 {[%emt 0:00:10]} 29. Rxc5 {[%emt 0:00:17]} Rxc5 {[%emt 0:00:02]} 30. Nxb5 {[%emt 0:00:03]} Bxb5 {[%emt 0:00:02]} 31. Bh5+ {[%emt 0:00:05]} Kf6 {[%emt 0:00:03]} 32. a4 {[%emt 0:00:12]} Bd3 {[%emt 0:00:04]} 33. Rd1 {[%emt 0:00:05]} Rc2 {[%emt 0:00:04]} 34. Kg2 {[%emt 0:00:15]} Bc5 {[%emt 0:00:07]} 35. Kh3 {[%emt 0:01:51]} Rxf2 {[%emt 0:00:27]} 36. g4 {[%emt 0:00:48]} f4 {[%emt 0:00:15]} 37. Kh4 {[%emt 0:00:13]} Rxh2# {[%emt 0:00:14]} 0-1

[Event "World Prestigious University 2019"]
[Site "Tianjin"]
[Date "2019.11.29"]
[Round "11.16"]
[White "Li, Ethan"]
[Black "Daniel, Karim Abbas"]
[Result "1-0"]
[WhiteElo "2209"]
[BlackElo "2251"]
[PlyCount "121"]
[EventDate "2019.11.26"]
[EventType "team-tourn"]
[EventCountry "CHN"]
[TimeControl "1500+10"]
[WhiteClock "0:00:14"]
[BlackClock "0:02:05"]

1. d4 {[%emt 0:00:00]} Nf6 {[%emt 0:00:00]} 2. c4 {[%emt 0:00:00]} e6 {[%emt 0:00:00]} 3. Nf3 {[%emt 0:00:00]} c5 {[%emt 0:00:00]} 4. d5 {[%emt 0:00:00]} exd5 {[%emt 0:00:00]} 5. cxd5 {[%emt 0:00:00]} d6 {[%emt 0:00:00]} 6. Nc3 {[%emt 0:00:00]} g6 {[%emt 0:00:00]} 7. e4 {[%emt 0:00:00]} Bg7 {[%emt 0:00:00]} 8. h3 {[%emt 0:00:00]} O-O {[%emt 0:00:02]} 9. Bd3 {[%emt 0:00:00]} Nh5 {[%emt 0:00:03]} 10. O-O {[%emt 0:00:25]} Nd7 {[%emt 0:00:02]} 11. Bg5 {[%emt 0:00:28]} Bf6 {[%emt 0:00:01]} 12. Qd2 {[%emt 0:00:41]} Ne5 {[%emt 0:00:15]} 13. h4 {[%emt 0:01:13]} Nxf3+ {[%emt 0:02:18]} 14. gxf3 {[%emt 0:00:01]} h6 {[%emt 0:01:21]} 15. Bxh6 {[%emt 0:00:36]} Bxh4 {[%emt 0:00:02]} 16. Bxf8 {[%emt 0:00:32]} Bg5 {[%emt 0:00:46]} 17. Qc2 {[%emt 0:00:30]} Kxf8 {[%emt 0:02:01]} 18. Ne2 {[%emt 0:01:39]} Qf6 {[%emt 0:01:53]} 19. Qc3 {[%emt 0:01:39]} Qxf3 {[%emt 0:00:37]} 20. Bb5 {[%emt 0:00:18]} Qg4+ {[%emt 0:00:23]} 21. Ng3 {[%emt 0:00:02]} Bf6 {[%emt 0:00:26]} 22. Qe3 {[%emt 0:00:29]} Nf4 {[%emt 0:01:08]} 23. Be2 {[%emt 0:02:03]} Qh4 {[%emt 0:00:34]} 24. Rab1 {[%emt 0:01:40]} Be5 {[%emt 0:05:28]} 25. Rfd1 {[%emt 0:00:53]} Bh3 {[%emt 0:03:15]} 26. Bf3 {[%emt 0:01:01]} a5 {[%emt 0:03:44]} 27. a3 {[%emt 0:00:14]} Bd7 {[%emt 0:00:33]} 28. Kf1 {[%emt 0:01:24]} Bb5+ {[%emt 0:01:15]} 29. Ke1 {[%emt 0:00:12]} Nh3 {[%emt 0:00:27]} 30. Bg2 {[%emt 0:01:36]} Nf4 {[%emt 0:01:02]} 31. Bf3 {[%emt 0:00:20]} Nh3 {[%emt 0:00:15]} 32. Bg2 {[%emt 0:02:26]} Nf4 {[%emt 0:00:55]} 33. Bf3 {[%emt 0:00:12]} Re8 {[%emt 0:00:00]} 34. Kd2 {[%emt 0:02:16]} Nxd5 {[%emt 0:00:26]} 35. Qb3 {[%emt 0:00:17]} Qf4+ {[%emt 0:00:31]} 36. Kc2 {[%emt 0:00:14]} Nc7 {[%emt 0:00:22]} 37. a4 {[%emt 0:00:14]} Bc6 {[%emt 0:00:13]} 38. Rd3 {[%emt 0:00:44]} Ne6 {[%emt 0:00:15]} 39. Ne2 {[%emt 0:00:00]} Qh4 {[%emt 0:00:04]} 40. Rh1 {[%emt 0:00:01]} Qxf2 {[%emt 0:00:03]} 41. Kb1 {[%emt 0:00:22]} c4 {[%emt 0:00:19]} 42. Qxc4 {[%emt 0:00:10]} Nc5 {[%emt 0:00:01]} 43. Rh7 {[%emt 0:01:45]} Re7 {[%emt 0:00:20]} 44. Ra3 {[%emt 0:00:01]} Kg8 {[%emt 0:00:19]} 45. Rh1 {[%emt 0:00:04]} Bg7 {[%emt 0:00:11]} 46. Qc2 {[%emt 0:02:46]} Nxe4 {[%emt 0:00:20]} 47. Rd1 {[%emt 0:00:26]} Re8 {[%emt 0:00:15]} 48. Rad3 {[%emt 0:00:26]} Nc5 {[%emt 0:00:06]} 49. Bxc6 {[%emt 0:00:14]} Rxe2 {[%emt 0:00:05]} 50. R3d2 {[%emt 0:00:07]} Rxd2 {[%emt 0:00:05]} 51. Rxd2 {[%emt 0:00:01]} Qe1+ {[%emt 0:00:26]} 52. Rd1 {[%emt 0:00:00]} Qe5 {[%emt 0:00:01]} 53. Bxb7 {[%emt 0:00:36]} Nxa4 {[%emt 0:00:17]} 54. Qc8+ {[%emt 0:00:01]} Bf8 {[%emt 0:00:01]} 55. Qc2 {[%emt 0:00:07]} Bg7 {[%emt 0:00:02]} 56. Rd2 {[%emt 0:00:26]} Qe1+ {[%emt 0:00:34]} 57. Ka2 {[%emt 0:00:03]} Qe6+ {[%emt 0:00:08]} 58. Bd5 {[%emt 0:00:02]} Qe3 {[%emt 0:00:09]} 59. Qc8+ {[%emt 0:00:19]} Bf8 {[%emt 0:00:01]} 60. Qd7 {[%emt 0:00:29]} Qf4 {[%emt 0:00:26]} 61. Rd4 {[%emt 0:00:20]} 1-0